Manuelzão e miguilim (Record no. 183073)

MARC details
000 -LÍDER
campo de controle de tamanho fixo 00371 a2200169 4500
001 - NÚMERO DE CONTROLE
campo de controle 183073
020 ## - ISBN - INTERNATIONAL STANDARD BOOK NUMBER
ISBN - International Standard Book Number 85-209-0591-9
040 ## - FONTE DA CATALOGAÇÃO
Instituição que transcreveu o registro Magnum
100 ## - ENTRADA PRINCIPAL--NOME PESSOAL
Nome pessoal Rosa, Joao Guimaraes
240 10 - TÍTULO UNIFORME
Título uniforme Manuelzão e miguilim
Idioma da obra por
245 10 - TÍTULO
Título Manuelzão e miguilim
300 ## - DESCRIÇÃO FÍSICA
Extensão 258
362 0# - DATAS DE PUBLICAÇÃO E/OU DESIGNAÇÃO SEQUENCIAL
Datas de publicação e/ou designação sequencial 1984
440 #1 - DECLARAÇÃO DE SÉRIE/ENTRADA ADICIONADA--TÍTULO
Título Nova Fronteira
697 ## - ENTRADA DE ASSUNTO LOCAL--ENTIDADE COLETIVA (RLIN)
Nome corporativo ou nome da jurisdição LITERATURA GERAL
942 ## - ELEMENTOS DE ENTRADA ADICIONADOS (KOHA)
Tipo de material Koha Livros
Holdings
Situação do descarte Situação das perdas Situação física Não pode ser emprestado Biblioteca de origem Biblioteca atual Data de aquisição Total de empréstimos Número de chamada completo Código de barras Data de último acesso Data do preço efetivo Tipo de material Koha
        Magnum Magnum 08/06/2024   869.4.343 MAG00035900 08/06/2024 08/06/2024 Livros
        Magnum Magnum 08/06/2024   869.4.343 MAG00035901 08/06/2024 08/06/2024 Livros
        Magnum Magnum 08/06/2024   869.4.343 MAG00035902 08/06/2024 08/06/2024 Livros
        Magnum Magnum 08/06/2024   869.4.343 MAG00035903 08/06/2024 08/06/2024 Livros
        Magnum Magnum 08/06/2024   869.4.343 MAG00035904 08/06/2024 08/06/2024 Livros
        Magnum Magnum 08/06/2024   869.4.343 MAG00035905 08/06/2024 08/06/2024 Livros